| 000 | 00804nam a22001697a 4500 | ||
|---|---|---|---|
| 999 |
_c61110 _d61110 |
||
| 005 | 20231220113833.0 | ||
| 008 | 231220s1989 ru ||||| |||| 00| 0 rus d | ||
| 020 | _a5120006736 | ||
| 041 | _arus | ||
| 080 | _a737.1(37+38) A-69 | ||
| 100 |
_aАнохин, В.А. _920598 |
||
| 245 |
_aМонеты античных городов Северо-западного Причерноморья _c В.А. Анохин; Акад. наук Укр. ССР, Ин-т археологии. |
||
| 264 |
_aКиев : _bНаукова думка, _c1989. |
||
| 300 |
_a127 c.: _b ил.; _c22 cm. |
||
| 653 | _aჩრდილო-დასავლეთ შავი ზღვის რეგიონის უძველესი ქალაქების მონეტები | ||
| 942 |
_2udc _cᲬᲘᲒᲜᲘ |
||